| 000 | 00623nam a2200205 i 4500 | ||
|---|---|---|---|
| 001 | 87221 | ||
| 003 | ES-MaACL | ||
| 005 | 20230906175624.0 | ||
| 007 | t| | ||
| 008 | 041220s1957 sp ||||1| spa d | ||
| 100 | 1 |
_aKnight, John Alden. _968345 |
|
| 245 | 1 | 0 |
_aTécnica del lanzado / _cJohn Alden Knight ; [versión española de C. Díaz Andrés]. |
| 260 |
_aBarcelona : _bEditorial Hispano Europea, _c[1957] |
||
| 300 |
_a101 p., 1 lám. : _bil. ; _c20 cm. |
||
| 490 | 1 | _aHerakles | |
| 700 | 1 |
_aDíaz Andrés, C. _944173 |
|
| 830 | 0 |
_aHerakles _9180867 |
|
| 852 |
_aES-MaACL _jC-13829 _bR.40882 |
||
| 999 |
_c87221 _d87221 |
||